Teaching the New Testament. (Record no. 5229)

000 -LEADER
fixed length control field 00564nam a2200181 a 4500
001 - CONTROL NUMBER
control field :::00002971$&:&@@
003 - CONTROL NUMBER IDENTIFIER
control field OkBaRHE
005 - DATE AND TIME OF LATEST TRANSACTION
control field 20000607103258.0
008 - FIXED-LENGTH DATA ELEMENTS--GENERAL INFORMATION
fixed length control field s1960 j 000 0 eng u
040 ## - CATALOGING SOURCE
Transcribing agency
100 1# - MAIN ENTRY--PERSONAL NAME
Personal name Baxter, Edna M.
245 10 - TITLE STATEMENT
Title Teaching the New Testament.
260 ## - PUBLICATION, DISTRIBUTION, ETC. (IMPRINT)
Place of publication, distribution, etc Philadelphia, PA., :
Name of publisher, distributor, etc The Christian Education Press
Date of publication, distribution, etc c1960
300 ## - PHYSICAL DESCRIPTION
Extent 309 p. : illus. ;
Dimensions 20 cm.
650 ## - SUBJECT ADDED ENTRY--TOPICAL TERM
Topical term or geographic name as entry element Bible New Testament
General subdivision Study
942 ## - ADDED ENTRY ELEMENTS (KOHA)
Source of classification or shelving scheme
Koha item type Books
Copies
Barcode Lost status Date last seen Date acquired Koha item type Permanent Location Damaged status Full call number Not for loan Price effective from Withdrawn status Shelving location Copy number Source of classification or shelving scheme
2971 2018-03-162010-04-14BooksRHEMA Bible Training College BS 2530 .B3 2010-04-14 General Stacks1